ბათუმის შოთა რუსთაველის სახელმწიფო უნივერსიტეტის ბიბლიოთეკა

Textbook of gastroenterology : (ბიბ.ჩანაწერი № 57475)

000 -LEADER
fixed length control field 00821cam a22002174a 4500
001 - CONTROL NUMBER
control field 15251637
005 - DATE AND TIME OF LATEST TRANSACTION
control field 20221107161722.0
008 - FIXED-LENGTH DATA ELEMENTS--GENERAL INFORMATION
fixed length control field 080407s2009 enka b 001 0 eng
020 ## - INTERNATIONAL STANDARD BOOK NUMBER
International Standard Book Number 9781405169110 X
041 ## - LANGUAGE CODE
Language code of text/sound track or separate title eng
080 ## - UNIVERSAL DECIMAL CLASSIFICATION NUMBER
Universal Decimal Classification number 616.3 T-42
245 00 - TITLE STATEMENT
Title Textbook of gastroenterology :
Statement of responsibility, etc. edited by Tadataka Yamada ; associate editors, David H. Alpers ... [et al.].
Remainder of title Volume 2 /
250 ## - EDITION STATEMENT
Edition statement 5th ed.
264 ## - PRODUCTION, PUBLICATION, DISTRIBUTION, MANUFACTURE, AND COPYRIGHT NOTICE
Place of production, publication, distribution, manufacture Hoboken, NJ :
Name of producer, publisher, distributor, manufacturer Blackwell Pub.,
Date of production, publication, distribution, manufacture, or copyright notice 2009.
300 ## - PHYSICAL DESCRIPTION
Extent 2 v. (xxi, 3440, cxi p.) :
Other physical details ill. (some col.) ;
Dimensions 29 cm +
Accompanying material 1 CD-ROM (4 3/4 in.)
653 ## - INDEX TERM--UNCONTROLLED
keyword მედიცინა
653 ## - INDEX TERM--UNCONTROLLED
keyword გასტროენტეროლოგია
700 1# - ADDED ENTRY--PERSONAL NAME
Personal name Yamada, Tadataka.
Relator term რედაქტორი
9 (RLIN) 8772
700 1# - ADDED ENTRY--PERSONAL NAME
Personal name Alpers, David H.
Relator term რედაქტორი
9 (RLIN) 8773
942 ## - ADDED ENTRY ELEMENTS (KOHA)
Source of classification or shelving scheme
Koha item type წიგნი
ეგზემპლარები
Withdrawn status Lost status Source of classification or shelving scheme Damaged status Not for loan Permanent Location Current Location Shelving location Date acquired Cost, normal purchase price Full call number Barcode Date last seen Copy number Price effective from Koha item type Public note
          ბათუმის შოთა რუსთაველის სახელმწიფო უნივერსიტეტის მთავარი ბიბლიოთეკა ბათუმის შოთა რუსთაველის სახელმწიფო უნივერსიტეტის მთავარი ბიბლიოთეკა წიგნსაცავი 2020-06-25 824.00 616.3 T-42 60668 2020-06-25 60668 2020-06-25 წიგნი 824 ლ.